[Event "GER-ch U25 op"]
[Site "Willingen"]
[Date "2008.05.15"]
[Round "7"]
[White "Schaetz, Christopher"]
[Black "Durmisi, Valon"]
[Result "1/2-1/2"]
[WhiteElo "2033"]
[BlackElo "1689"]
[PlyCount "84"]
[EventDate "2008.05.11"]
[EventType "swiss"]
[EventRounds "9"]
[EventCountry "GER"]
[SourceTitle "CBM 124 Extra"]
[Source "ChessBase"]
[SourceDate "2008.07.03"]
[SourceVersion "1"]
[SourceVersionDate "2008.07.03"]
[SourceQuality "1"]

1. e4 Nf6 2. e5 Nd5 3. c4 Nb6 4. d4 d6 5. exd6 cxd6 6. d5 g6 7. Be3 N8d7 8. Bd4 Nf6 9. Nf3 Bg7 10. Nc3 Bd7 11. Ng5 0-0 12. Nge4 Nxe4 13. Nxe4 Bxd4 14. Qxd4 Rc8 15. h4 f5 16. Ng5 Rf6 17. f4 Qf8 18. Kf2 Re8 19. Re1 h6 20. Bd3 Qg7 21. Nf3 e6 22. dxe6 Rfxe6 23. Qxg7+ Kxg7 24. Rxe6 Bxe6 25. b3 Nd7 26. Nd4 Nc5 27. Bc2 Bd7 28. Re1 Rxe1 29. Kxe1 Kf6 30. Ke2 Ne6 31. Ke3 Nxd4 32. Kxd4 Bc6 33. g3 g5 34. b4 gxh4 35. gxh4 Ke6 36. a4 a6 37. Bb3 Kf6 38. b5 Be4 39. Bd1 Bg2 40. Be2 Be4 41. Bh5 Ke7 42. Bg6 Bc2 1/2-1/2

[Event "GER-ch U25 op"]
[Site "Willingen"]
[Date "2008.05.13"]
[Round "5"]
[White "Durmisi, Valon"]
[Black "Sieker, Roland"]
[Result "0-1"]
[WhiteElo "1689"]
[BlackElo "2047"]
[PlyCount "58"]
[EventDate "2008.05.11"]
[EventType "swiss"]
[EventRounds "9"]
[EventCountry "GER"]
[SourceTitle "CBM 124 Extra"]
[Source "ChessBase"]
[SourceDate "2008.07.03"]
[SourceVersion "1"]
[SourceVersionDate "2008.07.03"]
[SourceQuality "1"]

1. e4 e5 2. Nf3 d6 3. Bc4 Be7 4. Nc3 Nf6 5. d3 0-0 6. Be3 c6 7. Bg5 Nbd7 8. d4 Qc7 9. Qd2 h6 10. Bxh6 gxh6 11. Qxh6 Nh7 12. Qg6+ Kh8 13. Bxf7 exd4 14. Nxd4 Ne5 15. Ne6 Bxe6 16. Qxe6 Rxf7 17. Ne2 Rf6 18. Qb3 Qb6 19. Qxb6 axb6 20. f4 Ng6 21. f5 Ne5 22. h3 Rf7 23. g4 Bh4+ 24. Kd2 Nf6 25. Nc3 Re8 26. Ke3 b5 27. b4 Rfe7 28. Kf4 Nf7 29. Rhg1 Nxe4 0-1

[Event "GER-ch U25"]
[Site "Willingen"]
[Date "2007.05.31"]
[Round "8"]
[White "Paniflenko, Wladimir"]
[Black "Durmisi, Valon"]
[Result "1-0"]
[WhiteElo "1721"]
[BlackElo "1611"]
[PlyCount "89"]
[EventDate "2007.05.26"]
[EventType "swiss"]
[EventRounds "9"]
[EventCountry "GER"]
[SourceTitle "CBM 118 Extra"]
[Source "ChessBase"]
[SourceDate "2007.07.04"]
[SourceVersion "1"]
[SourceVersionDate "2007.07.04"]
[SourceQuality "1"]

1. d4 d5 2. Nf3 e6 3. Bf4 c5 4. e3 Nc6 5. c4 dxc4 6. Bxc4 cxd4 7. exd4 Bb4+ 8. Nc3 Nge7 9. 0-0 Bxc3 10. bxc3 Nd5 11. Bd2 a6 12. Qe2 0-0 13. a4 Na5 14. Ba2 Bd7 15. Rfe1 Rc8 16. c4 Nf6 17. Bg5 Bxa4 18. Qd3 g6 19. d5 Kg7 20. Qc3 Rc5 21. Qb4 Qd6 22. Bf4 Qxf4 23. Qxc5 Nb3 24. Bxb3 Bxb3 25. dxe6 Qxc4 26. Qxc4 Bxc4 27. exf7 Nd7 28. Re7 Rxf7 29. Rxf7+ Kxf7 30. Rd1 Bb5 31. Nd4 Ba4 32. Rc1 Kf6 33. f4 h5 34. Rc4 b5 35. Rc6+ Kf7 36. Rxa6 Nc5 37. Ra5 Nb3 38. Nxb3 Bxb3 39. Rxb5 Be6 40. Kf2 Kf6 41. h3 Bd7 42. Rb6+ Kf5 43. Kf3 g5 44. g4+ hxg4+ 45. hxg4# 1-0

[Event "GER-ch U25"]
[Site "Willingen"]
[Date "2007.05.27"]
[Round "2"]
[White "Holle, Cedric"]
[Black "Durmisi, Valon"]
[Result "0-1"]
[WhiteElo "1220"]
[BlackElo "1611"]
[PlyCount "34"]
[EventDate "2007.05.26"]
[EventType "swiss"]
[EventRounds "9"]
[EventCountry "GER"]
[SourceTitle "CBM 118 Extra"]
[Source "ChessBase"]
[SourceDate "2007.07.04"]
[SourceVersion "1"]
[SourceVersionDate "2007.07.04"]
[SourceQuality "1"]

1. e4 e5 2. Nf3 Nc6 3. Bc4 Nf6 4. Ng5 Bc5 5. Nxf7 Bxf2+ 6. Kf1 Qe7 7. Nxh8 d5 8. Bxd5 Bg4 9. Kxf2 Bxd1 10. Rxd1 Nxd5 11. exd5 Nd4 12. Nc3 0-0-0 13. d3 Rxh8 14. Kg1 Rf8 15. Ne4 Qf7 16. c3 Ne2+ 17. Kh1 Qf1+ 0-1

[Event "GER-ch U25"]
[Site "Willingen"]
[Date "2007.05.26"]
[Round "1"]
[White "Durmisi, Valon"]
[Black "Nuber, Korbinian"]
[Result "0-1"]
[WhiteElo "1611"]
[BlackElo "2110"]
[PlyCount "104"]
[EventDate "2007.05.26"]
[EventType "swiss"]
[EventRounds "9"]
[EventCountry "GER"]
[SourceTitle "CBM 118 Extra"]
[Source "ChessBase"]
[SourceDate "2007.07.04"]
[SourceVersion "1"]
[SourceVersionDate "2007.07.04"]
[SourceQuality "1"]

1. e4 e5 2. Nf3 Nc6 3. Bc4 Bc5 4. c3 Nf6 5. d4 exd4 6. e5 Qe7 7. 0-0 Nxe5 8. Re1 Nxc4 9. Rxe7+ Bxe7 10. Qxd4 d5 11. b4 0-0 12. Nbd2 Nd6 13. Nb3 c6 14. Bf4 Nfe4 15. a4 Bf6 16. Be5 Re8 17. Bxf6 Nxf6 18. Nfd2 Bf5 19. Qf4 Rad8 20. f3 Bg6 21. g4 Re7 22. Kf2 h5 23. g5 Nfe8 24. Re1 Rxe1 25. Kxe1 Nc7 26. Nd4 Ne6 27. Nxe6 fxe6 28. Qe3 e5 29. Qxa7 Kf7 30. Nb3 Bf5 31. Nc5 Kg6 32. h4 d4 33. Qb6 Rc8 34. Nxb7 Nxb7 35. Qxb7 dxc3 36. Kd1 c2+ 37. Kc1 Rd8 38. Qxc6+ Kh7 39. Kb2 Rd1 40. Qxc2 Bxc2 41. Kxc2 Rd8 42. b5 Kg6 43. Kb3 Kf7 44. Kc4 Ke6 45. Kc5 Kd7 46. b6 Kc8 47. Kc6 Rd1 48. a5 Ra1 49. Kb5 Kb7 50. g6 Ra3 51. Kb4 Rxf3 52. Kb5 Ra3 0-1

[Event "GER-ch U25"]
[Site "Willingen"]
[Date "2005.05.16"]
[Round "4"]
[White "Siebarth, Marco"]
[Black "Durmisi, Valon"]
[Result "1-0"]
[WhiteElo "2011"]
[BlackElo "1373"]
[PlyCount "145"]
[EventDate "2005.05.14"]
[EventType "swiss"]
[EventRounds "9"]
[EventCountry "GER"]
[SourceTitle "CBM 106 Extra"]
[Source "ChessBase"]
[SourceDate "2005.07.01"]
[SourceVersion "1"]
[SourceVersionDate "2005.07.01"]
[SourceQuality "1"]

1. e4 e5 2. d4 exd4 3. c3 d5 4. Qxd4 dxe4 5. Qxe4+ Qe7 6. Bd3 Nf6 7. Qe2 Qxe2+ 8. Nxe2 g6 9. 0-0 Bg7 10. Nd4 0-0 11. Nb5 Na6 12. N1a3 c6 13. Nd4 Nc7 14. h3 Rd8 15. Bc4 Ncd5 16. Bg5 h6 17. Bh4 g5 18. Bg3 Ne4 19. Bh2 Nd2 20. Rfd1 Nxc4 21. Nxc4 Nb6 22. Nxb6 axb6 23. Bc7 Rd5 24. Bxb6 Ra6 25. Bc7 Rd7 26. Bg3 Bxd4 27. Rxd4 Rxd4 28. cxd4 f6 29. a3 Ra4 30. Rd1 Rc4 31. d5 Bd7 32. d6 Re4 33. f3 Re6 34. f4 Kf7 35. fxg5 hxg5 36. Bf2 Re5 37. Rc1 Rd5 38. Bc5 Ke6 39. b4 Re5 40. Rd1 Rd5 41. Ra1 f5 42. a4 Bc8 43. g3 b6 44. Bxb6 Kxd6 45. Re1 Kd7 46. Bc5 Kc7 47. a5 Kd8 48. h4 f4 49. hxg5 Rxg5 50. Be7+ Kc7 51. Bxg5 fxg3 52. Kg2 Kb7 53. Kxg3 Ka6 54. Kf4 Kb5 55. Be7 Ba6 56. Ke5 Bb7 57. Bc5 Ka6 58. Kd6 Kb5 59. Kc7 Ba6 60. Re8 Kc4 61. Kb6 Bb5 62. a6 Bxa6 63. Kxa6 Kd3 64. Kb6 Kc4 65. Kxc6 Kd3 66. b5 Kc4 67. b6 Kd3 68. Kd5 Kc3 69. Re3+ Kd2 70. Kc4 Kc1 71. b7 Kd1 72. Kc3 Kc1 73. Re1# 1-0

[Event "Wuerttemberg-ch U14"]
[Site "Friedrichshafen"]
[Date "2005.04.02"]
[Round "7"]
[White "Durmisi, Valon"]
[Black "Ulmer, Micha"]
[Result "0-1"]
[WhiteElo "1287"]
[BlackElo "1706"]
[PlyCount "42"]
[EventDate "2005.03.29"]
[EventType "swiss"]
[EventRounds "7"]
[EventCountry "GER"]
[SourceTitle "EXT 2007"]
[Source "ChessBase"]
[SourceDate "2006.11.23"]
[SourceVersion "1"]
[SourceVersionDate "2006.11.23"]
[SourceQuality "1"]

1. e4 e5 2. Nf3 Nc6 3. Bc4 Bc5 4. d3 Nf6 5. Nc3 d6 6. Bg5 Be6 7. Bb3 Nd4 8. Nxd4 Bxd4 9. 0-0 h6 10. Be3 Bb6 11. Qf3 Qd7 12. Ba4 c6 13. b4 Rg8 14. Bxh6 Bg4 15. Qg3 gxh6 16. Qh4 Nh5 17. Nd5 Bd8 18. Qxh5 Bxh5 19. Kh1 Bf3 20. gxf3 Qh3 21. Rg1 Qxf3+ 0-1

[Event "GER-chT U16"]
[Site "Dittrichshuette"]
[Date "2004.12.29"]
[Round "4"]
[White "Durmisi, Valon"]
[Black "Wenzel, Birger"]
[Result "1/2-1/2"]
[WhiteElo "1122"]
[BlackElo "1660"]
[PlyCount "57"]
[EventDate "2004.12.27"]
[EventType "team"]
[EventRounds "6"]
[EventCountry "GER"]
[SourceTitle "EXT 2006"]
[Source "ChessBase"]
[SourceDate "2005.11.24"]
[SourceVersion "1"]
[SourceVersionDate "2005.11.24"]
[SourceQuality "1"]

1. e4 c5 2. Nf3 e6 3. d4 cxd4 4. Nxd4 a6 5. Nc3 b5 6. f3 Bb7 7. b3 Bc5 8. Bb2 Qb6 9. Nce2 Nc6 10. Qd2 Nf6 11. g3 0-0 12. 0-0-0 e5 13. Nf5 g6 14. Kb1 Ne8 15. Nh6+ Kg7 16. Ng4 d6 17. Qh6+ Kg8 18. f4 f5 19. exf5 Rxf5 20. fxe5 Nxe5 21. Nxe5 Rxe5 22. Rg1 Rxe2 23. Bxe2 Bxg1 24. Rf1 Bf2 25. Qf4 Qc7 26. Rxf2 Ng7 27. a4 Rc8 28. Ka1 bxa4 29. Qxa4 1/2-1/2

[Event "GER-chT U16"]
[Site "Dittrichshuette"]
[Date "2004.12.29"]
[Round "5"]
[White "Klebanov, Andrej"]
[Black "Durmisi, Valon"]
[Result "1-0"]
[WhiteElo "1598"]
[BlackElo "1122"]
[PlyCount "62"]
[EventDate "2004.12.27"]
[EventType "team"]
[EventRounds "6"]
[EventCountry "GER"]
[SourceTitle "EXT 2006"]
[Source "ChessBase"]
[SourceDate "2005.11.24"]
[SourceVersion "1"]
[SourceVersionDate "2005.11.24"]
[SourceQuality "1"]

1. d4 e6 2. c4 d5 3. Nc3 Ne7 4. Bf4 a6 5. Nf3 Nbc6 6. e3 Ng6 7. Bg3 Be7 8. Qb3 Na5 9. Qa4+ Nc6 10. cxd5 exd5 11. Qb3 Bb4 12. Bd3 Nge7 13. Qd1 Nf5 14. Bf4 0-0 15. Qc2 g6 16. 0-0 Nfe7 17. a3 Bd6 18. Bh6 Re8 19. Bg5 Be6 20. Qd2 Qd7 21. Bf6 Kf8 22. e4 Ng8 23. e5 Be7 24. Bxe7+ Qxe7 25. Qf4 Na5 26. Rfe1 Nb3 27. Rab1 c5 28. dxc5 Nxc5 29. Bc2 Red8 30. Ne2 Rac8 31. Ned4 Ke8 1-0